<?xml version="1.0" encoding="UTF-8"?><?xml-stylesheet type="text/xsl" href="static/style.xsl"?><OAI-PMH xmlns="http://www.openarchives.org/OAI/2.0/" xmlns:xsi="http://www.w3.org/2001/XMLSchema-instance" xsi:schemaLocation="http://www.openarchives.org/OAI/2.0/ http://www.openarchives.org/OAI/2.0/OAI-PMH.xsd"><responseDate>2026-04-13T02:46:07Z</responseDate><request verb="GetRecord" identifier="oai:www.recercat.cat:2445/144815" metadataPrefix="marc">https://recercat.cat/oai/request</request><GetRecord><record><header><identifier>oai:recercat.cat:2445/144815</identifier><datestamp>2025-12-05T15:55:10Z</datestamp><setSpec>com_2072_1057</setSpec><setSpec>col_2072_478860</setSpec><setSpec>col_2072_478917</setSpec></header><metadata><record xmlns="http://www.loc.gov/MARC21/slim" xmlns:dcterms="http://purl.org/dc/terms/" xmlns:xsi="http://www.w3.org/2001/XMLSchema-instance" xmlns:doc="http://www.lyncode.com/xoai" xsi:schemaLocation="http://www.loc.gov/MARC21/slim http://www.loc.gov/standards/marcxml/schema/MARC21slim.xsd">
   <leader>00925njm 22002777a 4500</leader>
   <datafield ind2=" " ind1=" " tag="042">
      <subfield code="a">dc</subfield>
   </datafield>
   <datafield ind2=" " ind1=" " tag="720">
      <subfield code="a">Limón, Enrique</subfield>
      <subfield code="e">author</subfield>
   </datafield>
   <datafield ind2=" " ind1=" " tag="260">
      <subfield code="c">2019-11-14T16:47:03Z</subfield>
   </datafield>
   <datafield ind2=" " ind1=" " tag="260">
      <subfield code="c">2019-11-14T16:47:03Z</subfield>
   </datafield>
   <datafield ind2=" " ind1=" " tag="260">
      <subfield code="c">1999-09-04</subfield>
   </datafield>
   <datafield ind2=" " ind1=" " tag="260">
      <subfield code="c">2019-11-14T16:47:03Z</subfield>
   </datafield>
   <datafield ind2=" " ind1=" " tag="520">
      <subfield code="a">El presente artículo pretende ser una aproximación al proceso de la investigación en enfermería. Es incuestionable la importancia que está cobrando el hecho de investigar en nuestra disciplina. Actualmente se multiplican el número de cursos donde la investigación es el tema central o una parte fundamental del temario, aumenta la calidad de los trabajos presentados en congresos y el número de revistas de enfermería se incrementa según las áreas de interés. Las razones de este auge vienen dadas por el impulso de nuestra área de conocimientos, las enfermeras se ven cada vez menos reflejadas en el papel de ayudantes de investigación de otras disciplinas. La necesidad de responder a nuestras propias preguntas, de resolver nuestras dudas, de encontrar las respuestas profesionales que nos satisfagan y avanzar en el campo de los cuidados hace de la investigación la clave del asentamiento de nuestra identidad como disciplina científica y como profesionales. Este escrito pretende ser un texto de reflexión y de acercamiento al término investigación, revisar algunos aspectos y enfatizar las tendencias actuales y futuras de la investigación en enfermería.</subfield>
   </datafield>
   <datafield tag="653" ind2=" " ind1=" ">
      <subfield code="a">Infermeria</subfield>
   </datafield>
   <datafield tag="653" ind2=" " ind1=" ">
      <subfield code="a">Recerca</subfield>
   </datafield>
   <datafield tag="653" ind2=" " ind1=" ">
      <subfield code="a">Infermeria basada en l'evidència</subfield>
   </datafield>
   <datafield tag="653" ind2=" " ind1=" ">
      <subfield code="a">Nursing</subfield>
   </datafield>
   <datafield tag="653" ind2=" " ind1=" ">
      <subfield code="a">Research</subfield>
   </datafield>
   <datafield tag="653" ind2=" " ind1=" ">
      <subfield code="a">Evidence-based nursing</subfield>
   </datafield>
   <datafield ind2="0" ind1="0" tag="245">
      <subfield code="a">Investigación en enfermería: la enfermería basada en la evidencia</subfield>
   </datafield>
</record></metadata></record></GetRecord></OAI-PMH>